Computational Methods (Record no. 292785)
[ view plain ]
| 000 -LEADER | |
|---|---|
| fixed length control field | 00421nam a2200157Ia 4500 |
| 008 - FIXED-LENGTH DATA ELEMENTS--GENERAL INFORMATION | |
| fixed length control field | 230718s9999 xx 000 0 und d |
| 041 ## - LANGUAGE CODE | |
| Language code of text/sound track or separate title | eng |
| 082 ## - DEWEY DECIMAL CLASSIFICATION NUMBER | |
| Classification number | 519.4 |
| Item number | DEO |
| 100 ## - MAIN ENTRY--PERSONAL NAME | |
| Personal name | Deo S.S. |
| 245 ## - TITLE STATEMENT | |
| Title | Computational Methods |
| Remainder of title | Large No Of Solved Problems |
| 260 ## - PUBLICATION, DISTRIBUTION, ETC. (IMPRINT) | |
| Date of publication, distribution, etc. | 1994 |
| Name of publisher, distributor, etc. | Shree Publication |
| 300 ## - PHYSICAL DESCRIPTION | |
| Extent | 206 |
| 365 ## - TRADE PRICE | |
| Currency code | Rs. |
| Price amount | 95.00 |
| 700 ## - ADDED ENTRY--PERSONAL NAME | |
| Personal name | Deo S.S. & Tawade P.P. |
| 906 ## - LOCAL DATA ELEMENT F, LDF (RLIN) | |
| d | B:52310-Nov-1994 |
| c | COMP |
| b | 14.25 |
| Withdrawn status | Lost status | Damaged status | Not for loan | Home library | Current library | Date acquired | Vendor | Budget Code | Cost, normal purchase price | Bill number | Total Checkouts | Full call number | Barcode | Date last seen | Discount | Cost, replacement price | Bill Date | Koha item type | Original Barcode |
|---|---|---|---|---|---|---|---|---|---|---|---|---|---|---|---|---|---|---|---|
| Cummins College of Engineering for Women Pune | Cummins College of Engineering for Women Pune | 10/11/1994 | Pradeep Book Distributors | COMP | 80.75 | 523 | 519.4 | CCEP-BK-3890 | 18/07/2023 | 14.25 | 95.00 | 10/11/1994 | Books | 003890 |